| 000 | 01609nam a2200265Ia 4500 | ||
|---|---|---|---|
| 999 |
_c56274 _d56274 |
||
| 001 | 23385 | ||
| 003 | GE_BSU | ||
| 005 | 20251222211223.0 | ||
| 008 | 181216s1982||||ge |||||||||||||| ||geo|| | ||
| 040 | _cGE_BSU | ||
| 041 | _ageo | ||
| 080 | _a94(479.22:479.25) მ-16 | ||
| 100 |
_aმაისურაძე, გურამ _91627 |
||
| 245 |
_aქართველი და სომეხი ხალხების ურთიერთობა XIII-XVIII საუკუნეებში / _cგურამ მაისურაძე ; რედ. : გ.პაიჭაძე ; ივ. ჯავახიშვილის სახ. ისტორიის, არქეოლოგიისა და ეთნოგრაფიის ინ-ტი. |
||
| 264 |
_aთბილისი : _bმეცნიერება, _c1982. |
||
| 300 |
_a331 გვ. ; _c21 სმ.. |
||
| 520 | _aრეზიუმე რუსულ ენაზე | ||
| 541 | _h7ლ. | ||
| 653 | _aისტორია | ||
| 653 | _aსაქართველო-სომხეთის ურთიერთობის ისტორია | ||
| 653 | _aქართველი და სომეხი ხალხების ურთიერთობა XIII-XVIII საუკუნეებში | ||
| 700 |
_aპაიჭაძე, გ. _eრედაქტორი _91628 |
||
| 710 |
_aივ. ჯავახიშვილის სახ. ისტორიის, არქეოლოგიისა და ეთნოგრაფიის ინ-ტი. _926587 |
||
| 942 |
_cBK _2udc |
||